Introduction à la caractérologie. (Record no. 38453)

MARC details
000 -LEADER
fixed length control field 00575cam a22002171 4500
001 - CONTROL NUMBER
control field med47001896
003 - CONTROL NUMBER IDENTIFIER
control field DLC
005 - DATE AND TIME OF LATEST TRANSACTION
control field 20260227111604.0
008 - FIXED-LENGTH DATA ELEMENTS--GENERAL INFORMATION
fixed length control field 810622s1946 xx a 000 0 fre
010 ## - LIBRARY OF CONGRESS CONTROL NUMBER
LC control number med47001896
035 ## - SYSTEM CONTROL NUMBER
System control number (OCoLC)14747452
040 ## - CATALOGING SOURCE
Original cataloging agency DLC
Transcribing agency DNLM
Modifying agency DLC
042 ## - AUTHENTICATION CODE
Authentication code premarc
050 00 - LIBRARY OF CONGRESS CALL NUMBER
Classification number BF698
Item number .B63
060 0# - NATIONAL LIBRARY OF MEDICINE CALL NUMBER
Classification number BF 818
Item number B783i 1946
100 1# - MAIN ENTRY--PERSONAL NAME
Personal name Boven, William,
Dates associated with a name 1887-
245 10 - TITLE STATEMENT
Title Introduction à la caractérologie.
260 ## - PUBLICATION, DISTRIBUTION, ETC.
Place of publication, distribution, etc. Lausanne,
Name of publisher, distributor, etc. Rouge,
Date of publication, distribution, etc. 1946.
300 ## - PHYSICAL DESCRIPTION
Extent 148 p.
Other physical details ill.
440 #0 - SERIES STATEMENT/ADDED ENTRY--TITLE
Title Sciences et médecine. Série médicale

No items available.

Powered by Koha